The K-12 Leadership Fieldbook (Record no. 23570)

MARC details
000 -LEADER
fixed length control field 00699nam a22002177a 4500
003 - CONTROL NUMBER IDENTIFIER
control field OSt
005 - DATE AND TIME OF LATEST TRANSACTION
control field 20260609095959.0
008 - FIXED-LENGTH DATA ELEMENTS--GENERAL INFORMATION
fixed length control field 260609b |||||||| |||| 00| 0 eng d
020 ## - INTERNATIONAL STANDARD BOOK NUMBER
International Standard Book Number 9781412917506
040 ## - CATALOGING SOURCE
Transcribing agency Chuka University Library
050 ## - LIBRARY OF CONGRESS CALL NUMBER
Classification number LB 1576 .T3 2006
100 ## - MAIN ENTRY--PERSONAL NAME
Personal name Taylor Rosemarye T.
9 (RLIN) 27745
245 ## - TITLE STATEMENT
Title The K-12 Leadership Fieldbook
260 ## - PUBLICATION, DISTRIBUTION, ETC.
Place of publication, distribution, etc. Carlifornia
Name of publisher, distributor, etc. Corwin Press
Date of publication, distribution, etc. 2006
300 ## - PHYSICAL DESCRIPTION
Extent xiv142pp
Other physical details References and Indexes
650 ## - SUBJECT ADDED ENTRY--TOPICAL TERM
Topical term or geographic name entry element Language arts (Elementary) United States
9 (RLIN) 27746
650 ## - SUBJECT ADDED ENTRY--TOPICAL TERM
Topical term or geographic name entry element Educational Leadership United States
9 (RLIN) 27697
650 ## - SUBJECT ADDED ENTRY--TOPICAL TERM
Topical term or geographic name entry element Language Arts (Secondary) United States
9 (RLIN) 27747
700 ## - ADDED ENTRY--PERSONAL NAME
Personal name Glenda A. Gunter
9 (RLIN) 27748
942 ## - ADDED ENTRY ELEMENTS (KOHA)
Source of classification or shelving scheme Library of Congress Classification
Koha item type Long Loan Books
Suppress in OPAC No
Holdings
Withdrawn status Lost status Source of classification or shelving scheme Damaged status Not for loan Collection Home library Current library Shelving location Date acquired Source of acquisition Total Checkouts Full call number Barcode Date last seen Copy number Price effective from Koha item type
    Library of Congress Classification     General Collection Books Main Campus Library Main Campus Library General Stacks 09/06/2026 Donations from Books for Africa   LB 1576 .T3 2006 33269/2026 09/06/2026 C.2 09/06/2026 Long Loan Books
    Library of Congress Classification     General Collection Books Main Campus Library Main Campus Library General Stacks 09/06/2026 Donations from Books for Africa   LB 1576 .T3 2006 33270/2026 09/06/2026 C.1 09/06/2026 Long Loan Books

Powered by Koha